|
|
|
|
| LEADER |
00000naa2a2200000 4500 |
| 001 |
214606 |
| 005 |
20231031193631.0 |
| 035 |
|
|
|a (RuTPU)RU\TPU\book\234480
|
| 035 |
|
|
|a RU\TPU\book\221022
|
| 090 |
|
|
|a 214606
|
| 100 |
|
|
|a 20120426d1997 k y0rusy50 ca
|
| 101 |
0 |
|
|a rus
|
| 102 |
|
|
|a RU
|
| 200 |
1 |
|
|a Биоконтроль степени химического загрязнения окружающей среды при бурении скважин на нефть и газ
|f П. С. Чубик, Л. Н. Нечаева
|
| 461 |
|
0 |
|0 (RuTPU)RU\TPU\book\3102
|t Материалы III Международной конференции по химии нефти, 2-5 декабря 1997 г., Томск
|o в 2 т.
|f Российская академия наук (РАН), Сибирское отделение (СО), Институт химии нефти (ИХН) ; отв. ред. В. Ф. Камьянов
|d 1997
|
| 463 |
|
0 |
|0 (RuTPU)RU\TPU\book\5957
|t Т. 2
|v С. 221-222
|d 1997
|p 250 с.
|
| 610 |
1 |
|
|a труды учёных ТПУ
|
| 700 |
|
1 |
|a Чубик
|b П. С.
|c российский геолог
|c профессор, ректор Томского политехнического университета ( с 2008 г.)
|f 1954-
|g Петр Савельевич
|2 stltpush
|3 (RuTPU)RU\TPU\pers\24546
|
| 701 |
|
1 |
|a Нечаева
|b Л. Н.
|c российский учёный в области бурения скважин
|c старший преподаватель Томского политехнического университета
|g Лариса Николаевна
|2 stltpush
|3 (RuTPU)RU\TPU\pers\26125
|4 070
|
| 801 |
|
1 |
|a RU
|b 63413507
|c 20111021
|
| 801 |
|
2 |
|a RU
|b 63413507
|c 20141014
|g RCR
|
| 942 |
|
|
|c BK
|